| 000 | 00646nam a2200217Ia 4500 | ||
|---|---|---|---|
| 005 | 20230913102202.0 | ||
| 008 | 131103s9999 xx 000 0 und d | ||
| 040 | _aLoreto College | ||
| 041 | _aEnglish | ||
| 082 |
_a916 _bFIT |
||
| 100 | _aFitzgerald,Walter | ||
| 245 |
_aAfrica _b a social,economic and political geography of its major regions _cWalter Fitzgerald |
||
| 250 | _a4th ed. | ||
| 260 |
_aLondon _bMethuen & Co. _c1943 |
||
| 300 |
_axv,499 p. _b illus.,101 maps |
||
| 504 | _aIncludes bibliographical references and index | ||
| 650 | _aAfrica - Geography | ||
| 651 | _aPolitical Geography | ||
| 850 | _aLCLIB | ||
| 942 | _cBK | ||
| 999 |
_c12543 _d63022 |
||